000 00617nam a2200253Ia 4500
003 OSt
005 20221005122800.0
006 a|||||r|||| 00| 0
007 ta
008 221004b |||||||| |||| 00| 0 eng d
024 _a57000
037 _cTextual
040 _aCRL
_cCRL
_beng
041 _2eng
_aeng
082 _aU:23612k, F9-;1
110 _aPunjab
245 0 _aKarnal district [gazetteer
_b]1918.
260 _c1929
490 _aPunjab district gazetteers,6A.
650 _aGEOGRAPHY
700 _aPunjab
942 _hU:23612k, F9-;1
_cTEXL
_2cc
999 _c1045343
_d1045343